[Event "BL 2018-19"]
[Site "Berlin"]
[Date "2019.04.07"]
[Round "15.8"]
[White "Margolin, Boris"]
[Black "Lammers, Markus"]
[Result "1/2-1/2"]
[WhiteElo "2386"]
[BlackElo "2298"]
[Annotator "NA"]
[PlyCount "146"]
[EventDate "2018.11.10"]
[EventType "team-tourn"]
[EventCountry "GER"]
[SourceTitle "playchess.com"]
[Source "ChessBase"]
[SourceQuality "1"]
[WhiteTeam "SV Hofheim"]
[BlackTeam "Zugzwang Muenchen"]
[TimeControl "40/6000+30:3000+30"]

1. e4 {[%emt 0:00:00]} e5 {[%emt 0:00:00]} 2. Nf3 {[%emt 0:00:00]} Nf6 {[%emt 0:00:00]} 3. Nc3 {[%emt 0:00:18]} Nc6 {[%emt 0:00:00]} 4. Bb5 {[%emt 0:01:40]} Bd6 {[%emt 0:01:24]} 5. O-O {[%emt 0:01:55] C48: Four Knights: 4 Bb5, replies other than 4...Bb4} (5. d3 h6 6. a3 O-O 7. g4 Be7 8. g5 hxg5 9. Bxg5 Nd4 10. Rg1 Nxb5 11. Nxb5 c6 12. Bh6 Ne8 13. Qd2 {0-1 (51) Maze,S (2596)-Alekseenko,K (2637) chess.com INT 2019}) 5... O-O {[%emt 0:00:08]} 6. a3 {[%emt 0:06:26]} Re8 {[%emt 0:09:23]} 7. d3 {[%emt 0:01:10]} Bf8 {[%emt 0:14:19]} 8. Bc4 {[%emt 0:02:13]} h6 {[%emt 0:04:00]} 9. Re1 {[%emt 0:06:03]} d6 {[%emt 0:05:52]} 10. h3 {[%emt 0:01:32]} Ne7 $146 {[%emt 0:09:04]} ({Predecessor:} 10... Be6 11. Bxe6 Rxe6 12. Nd5 Ne7 13. Nxf6+ Rxf6 {½-½ (22) Frhat,A (2407)-Haddouche,M (2497) Marrakesh 2016}) 11. d4 {[%emt 0:05:41]} Ng6 {[%emt 0:05:17]} 12. Bb3 {[%emt 0:27:04]} c6 {[%emt 0:06:14]} 13. Be3 {[%emt 0:02:47]} Qc7 {[%emt 0:04:30]} 14. d5 {[%emt 0:06:35]} Nh7 {[%emt 0:06:45]} 15. Ne2 {[%emt 0:03:00]} Nf6 {[%emt 0:02:26]} 16. Nc3 {[%emt 0:01:42]} Ne7 {[%emt 0:02:10]} 17. Rc1 {[%emt 0:04:33]} b5 {[%emt 0:04:28]} 18. Nxe5 {[%emt 0:06:07]} dxe5 {[%emt 0:02:20]} 19. d6 {[%emt 0:00:13]} Qd8 {[%emt 0:02:22]} 20. dxe7 {[%emt 0:00:06]} Qxe7 {[%emt 0:00:38]} 21. Qf3 {[%emt 0:00:26]} Be6 {[%emt 0:01:34]} 22. Bxe6 {[%emt 0:05:18]} Qxe6 {[%emt 0:00:09]} 23. Red1 {[%emt 0:00:25]} a5 {[%emt 0:02:08]} 24. Ne2 {[%emt 0:07:34]} a4 {[%emt 0:04:39]} 25. Ng3 {[%emt 0:00:20]} b4 {[%emt 0:01:30]} 26. axb4 {[%emt 0:01:30]} Bxb4 {[%emt 0:00:04]} 27. Rd3 {[%emt 0:04:21]} Red8 {[%emt 0:04:43]} 28. Rcd1 {[%emt 0:02:13]} Rxd3 {[%emt 0:00:38]} 29. Rxd3 {[%emt 0:00:03]} Kh7 {[%emt 0:01:10]} 30. Qd1 {[%emt 0:02:26]} Be7 {[%emt 0:01:41]} 31. Bd2 {[%emt 0:02:30]} Rb8 {[%emt 0:02:31]} 32. Bc3 {[%emt 0:02:57]} Bc5 {[%emt 0:00:51]} 33. Rd8 {[%emt 0:01:50]} Rb7 {[%emt 0:05:02]} 34. Qd3 {[%emt 0:00:37]} h5 {[%emt 0:01:59]} 35. Qe2 {[%emt 0:02:10]} g6 {[%emt 0:00:40]} 36. Qa6 {[%emt 0:01:24]} h4 {[%emt 0:01:32]} 37. Nh1 {[%emt 0:02:33]} Ra7 {[%emt 0:04:14]} 38. Qc8 {[%emt 0:00:39]} Qxc8 {[%emt 0:01:13]} 39. Rxc8 {[%emt 0:00:01]} Nxe4 {[%emt 0:00:15]} 40. Rxc6 {[%emt 0:00:56]} f6 {[%emt 0:01:31]} 41. Kf1 {[%emt 0:50:36]} Rb7 {[%emt 0:23:08]} 42. f3 {[%emt 0:00:00]} Nxc3 {[%emt 0:00:30]} 43. Rxc5 {[%emt 0:00:00]} Nd1 {[%emt 0:00:22]} 44. Nf2 {[%emt 0:00:00]} Ne3+ {[%emt 0:11:18]} 45. Ke2 {[%emt 0:00:00]} Nxg2 {[%emt 0:00:02]} 46. Nd3 {[%emt 0:00:00]} g5 {[%emt 0:00:10]} 47. Ra5 {[%emt 0:00:00]} Nf4+ {[%emt 0:00:17]} 48. Nxf4 {[%emt 0:00:00]} gxf4 {[%emt 0:01:16]} 49. Rxa4 {[%emt 0:00:00]} Rxb2 {[%emt 0:00:04]} 50. Kd3 {[%emt 0:00:00]} Kg6 {[%emt 0:01:34]} 51. Ra1 {[%emt 0:00:00]} Kf5 {[%emt 0:01:06]} 52. Rg1 $19 {[%emt 0:00:00]} Ra2 {[%emt 0:00:50]} 53. Rg4 {[%emt 0:00:00]} Ra3+ {[%emt 0:02:22]} 54. Ke2 {[%emt 0:00:00]} Rc3 {[%emt 0:00:25]} 55. Rxh4 {[%emt 0:00:00]} Rxc2+ {[%emt 0:00:06]} 56. Kf1 {[%emt 0:00:00]} e4 {[%emt 0:09:27]} 57. fxe4+ {[%emt 0:00:00]} Kxe4 {[%emt 0:00:02]} 58. Rh6 {[%emt 0:00:00]} Kf3 {[%emt 0:00:31]} 59. Kg1 {[%emt 0:00:00]} Rc1+ {[%emt 0:00:56]} 60. Kh2 {[%emt 0:00:00]} Rc2+ {[%emt 0:00:04]} 61. Kg1 {[%emt 0:00:00]} f5 {[%emt 0:00:29]} 62. Ra6 {[%emt 0:00:00]} Rc1+ {[%emt 0:00:08]} 63. Kh2 {[%emt 0:00:00]} Rc2+ {[%emt 0:00:05]} 64. Kg1 {[%emt 0:00:00]} Rc1+ {[%emt 0:02:51]} 65. Kh2 {[%emt 0:00:00]} Kf2 {[%emt 0:01:27]} 66. Ra5 {[%emt 0:02:38]} Re1 {[%emt 0:01:22]} 67. Rxf5 {[%emt 0:00:43]} f3 {[%emt 0:00:11]} 68. h4 {[%emt 0:02:43]} Re4 {[%emt 0:00:22]} 69. Kh3 {[%emt 0:00:34]} Rd4 {[%emt 0:01:40]} 70. h5 {[%emt 0:00:52]} Re4 {[%emt 0:00:14]} 71. h6 {[%emt 0:01:26]} Re1 {[%emt 0:01:05]} 72. h7 {[%emt 0:02:55]} Rh1+ {[%emt 0:00:06]} 73. Kg4 {[%emt 0:00:02]} Rxh7 {[%emt 0:00:11]} 1/2-1/2

[Event "BL 2018-19"]
[Site "Berlin"]
[Date "2019.04.07"]
[Round "15.9"]
[White "Salgado Lopez, Ivan"]
[Black "Nisipeanu, Liviu-Dieter"]
[Result "0-1"]
[WhiteElo "2624"]
[BlackElo "2674"]
[Annotator "TA"]
[PlyCount "82"]
[EventDate "2018.11.10"]
[EventType "team-tourn"]
[EventCountry "GER"]
[SourceTitle "playchess.com"]
[Source "ChessBase"]
[SourceQuality "1"]
[WhiteTeam "Kiel"]
[BlackTeam "Dresden"]

{[%evp 9,82,3,19,18,19,20,0,0,14,-17,-1,0,4,-23,0,-39,-31,-46,-58,-62,-66,-122,-60,-55,-50,-61,-43,-42,-41,-35,-33,-27,-29,-55,-55,-71,-59,-56,-61,-69,-79,-104,-95,-126,-94,-198,-195,-191,-202,-197,-179,-206,-211,-204,-200,-200,-200,-214,-210,-195,-170,-158,-167,-241,-241,-214,-201,-241,-241,-237,-228,-235,-219,-239,-222]} 1. e4 e6 2. d4 d5 3. Nd2 c5 4. exd5 Qxd5 5. dxc5 Nf6 6. Ngf3 {C07: French Tarrasch: 3...c5, 4 Ngf3 and 4 exd5 Qxd5} Qxc5 7. Bd3 Nbd7 8. Qe2 {The position is equal.} (8. O-O Qc7 9. a4 Be7 10. a5 O-O 11. c3 b6 12. axb6 Nxb6 13. Nb3 {0-1 (54) Demchenko,A (2679)-Vitiugov,N (2719) St Petersburg 2018}) 8... Qc7 9. Nb3 Be7 10. Bg5 O-O 11. O-O-O a6 12. Kb1 b5 13. h4 $146 ({Predecessor:} 13. Rhe1) 13... Bb7 14. h5 h6 {Hoping for ...Bxf3.} 15. Bh4 (15. Bd2 $15) 15... Rfe8 ({Black should try} 15... Bd6 $1 $17 16. Bxf6 Nxf6) 16. Bg3 $15 Qb6 17. Ne5 Rad8 18. Rhe1 Nxe5 19. Bxe5 Nd7 (19... Bxg2 $6 20. f3 $16) 20. Bd4 Qc7 21. c3 Bf6 22. Bc2 Bxd4 $1 ({Of course not} 22... Bxg2 $6 23. Rg1 $11) 23. Nxd4 Nf6 24. g3 Rd5 25. f4 e5 26. Qd3 Kf8 27. Bb3 (27. fxe5 $17 Rdxe5 28. Rxe5 Qxe5 29. Nf5) 27... exd4 $19 {Black is clearly better.} 28. Rxe8+ Kxe8 29. Bxd5 Bxd5 ({Don't take} 29... Nxd5 30. Qxd4 Kf8 31. Re1 $17) 30. Re1+ Kf8 31. Qxd4 Qc4 32. Qxc4 Bxc4 33. b3 {[#]} Be6 $1 34. Kb2 Nxh5 35. Re3 Nf6 36. a4 (36. Ka3 $142) 36... bxa4 37. bxa4 Nd5 38. Re5 Nb6 39. Kc2 Bd7 ({Much less strong is} 39... Nxa4 40. Ra5 $17) 40. a5 Nc4 41. Rc5 {[#]} Bb5 $1 {Accuracy: White = 46%, Black = 84%.} 0-1

[Event "BL 2018-19"]
[Site "Berlin"]
[Date "2019.04.07"]
[Round "15.9"]
[White "Timman, Jan H"]
[Black "Vachier-Lagrave, Maxime"]
[Result "0-1"]
[WhiteElo "2541"]
[BlackElo "2775"]
[Annotator "TA"]
[PlyCount "66"]
[EventDate "2018.11.10"]
[EventType "team-tourn"]
[EventCountry "GER"]
[SourceTitle "playchess.com"]
[Source "ChessBase"]
[SourceQuality "1"]
[WhiteTeam "Duesseldorf"]
[BlackTeam "Baden-Baden"]

{[%evp 16,66,18,0,0,0,0,0,0,-14,0,0,0,-6,0,0,-6,-9,-8,-5,-5,-6,0,-21,-21,-21,-23,-24,-22,-16,-5,-29,-5,-5,-9,-40,-25,-38,-31,-36,-11,-17,-13,-385,-393,-408,-363,-369,-371,-422,-416,-1423,-1377]} 1. d4 Nf6 2. c4 g6 3. Nc3 d5 4. Bf4 Bg7 5. e3 dxc4 6. Bxc4 O-O 7. Nf3 Nbd7 {[%cal Bb8d7,Bd7b6,Bb6d5,Bd5c3][%mdl 32]} 8. h3 c5 9. O-O cxd4 {D93: Grünfeld: 4 Nf3 Bg7 5 Bf4 0-0 6 e3} 10. exd4 Nb6 11. Bb3 Nbd5 {The position is equal.} 12. Bg5 Nxc3 13. bxc3 Ne4 $1 14. Re1 Nxg5 15. Nxg5 e6 16. Ne4 $146 ({Predecessor:} 16. Nf3 b5 17. a4 bxa4 18. Bxa4 Bb7 19. Rb1 {0-1 (31) Csiszar,Z (2230)-Gyorkos,L (2390) Pecs 1996}) 16... Bd7 17. d5 exd5 18. Bxd5 Qc7 19. Qb3 Bc6 20. Rad1 {[%cal Ba1d1,Bd1d5,Bd5c5][%mdl 32]} Bxd5 21. Rxd5 Rfe8 22. Re3 Re7 23. Rc5 Qd7 24. Rd5 Qc6 25. Rc5 Qe8 26. Qc4 Rd8 27. g3 Qd7 28. Kg2 h6 29. Qb3 $2 {[%mdl 8192] [#]} (29. g4 $11 {and White has nothing to worry.}) 29... b6 $19 30. Rb5 Qc6 31. Rb4 Kh8 32. Kh2 f5 {[%mdl 64] Trapped Piece} 33. Ng5 {[#]} (33. Rc4 $142 Qd7 34. Qc2) 33... Rd2 $1 {[%mdl 512] Accuracy: White = 33%, Black = 86%.} 0-1

[Event "BL 2018-19"]
[Site "Berlin"]
[Date "2019.04.07"]
[Round "15.10"]
[White "Svidler, Peter"]
[Black "Miedema, David"]
[Result "1-0"]
[WhiteElo "2736"]
[BlackElo "2381"]
[Annotator "TA"]
[PlyCount "59"]
[EventDate "2018.11.10"]
[EventType "team-tourn"]
[EventCountry "GER"]
[SourceTitle "playchess.com"]
[Source "ChessBase"]
[SourceQuality "1"]
[WhiteTeam "Baden-Baden"]
[BlackTeam "Duesseldorf"]

{[%evp 9,59,38,105,91,100,102,105,99,93,107,104,96,90,97,139,150,139,145,137,129,137,148,230,231,226,243,312,320,313,262,289,271,445,439,429,432,441,437,642,637,764,725,655,358,1087,1087,1078,1087,1078,1078,722,708]} 1. Nf3 d5 {[%cal Bd7d5,Bd5d4][%mdl 32]} 2. c4 d4 3. b4 g5 (3... Bg4 4. Qb3 Bxf3 5. Qxf3 c6 6. g3 e5 7. b5 Nf6 8. Bg2 Be7 9. d3 O-O 10. O-O a6 11. Nd2 Qc7 12. bxc6 Nxc6 {1-0 (41) Duda,J (2731)-Laznicka,V (2670) Prague 2019}) 4. Qb3 h6 $146 ({Predecessor:} 4... Bg7 5. Nxg5 e5 6. Qg3 Qe7 7. b5 Nh6 8. Ne4 f5 9. Ba3 Qf7 10. Ng5 Qf6 {0-1 (39) Gual Pascual,A (2362)-Trepat Herranz,J (2363) Barcelona 2019}) 5. e3 c5 (5... e5 $14) 6. bxc5 $16 {A09: Réti Opening: 1 Nf3 d5 2 c4} Nc6 7. Nxd4 Nxd4 8. exd4 {White is better.} Bg7 9. Bb2 {Hoping for d5.} Bxd4 10. Bxd4 Qxd4 {[#]} 11. Qc3 $1 {[%cal Rc3d4]} Qe4+ 12. Qe3 Nf6 13. Nc3 $36 {[%mdl 2048] Black is under strong pressure.} Qxe3+ 14. fxe3 Bf5 15. d4 e5 (15... Bg6 $16 {was necessary.} 16. Be2 O-O) 16. Be2 $18 {And now Rf1 would win.} (16. dxe5 Nd7 $14) 16... Ne4 17. Nd5 Rd8 18. Bd3 Kf8 19. O-O Bh7 20. Rab1 Nd2 $2 (20... b6 {is a better defense.} 21. cxb6 axb6) 21. Bxh7 Rxh7 22. Rxb7 Nxf1 23. Kxf1 exd4 {[%mdl 4096] Endgame KRR-KRN} (23... Rh8 $142 24. Rxa7 (24. dxe5 Rc8 $16) 24... Kg7) 24. c6 {[#] c7 is the strong threat.} Rc8 25. Ne7 Re8 26. c7 {aiming for Rb8.} f5 $2 (26... f6) 27. Ng6+ {White is clearly winning.} Kg8 28. Rb8 Rxc7 29. Rxe8+ Kf7 30. Re7+ $1 {Precision: White = 91%, Black = 50%.} 1-0

[Event "BL 2018-19"]
[Site "Berlin"]
[Date "2019.04.07"]
[Round "15.10"]
[White "Bartel, Mateusz"]
[Black "Dziuba, Marcin"]
[Result "1/2-1/2"]
[WhiteElo "2600"]
[BlackElo "2574"]
[Annotator "TA"]
[PlyCount "63"]
[EventDate "2018.11.10"]
[EventType "team-tourn"]
[EventCountry "GER"]
[SourceTitle "playchess.com"]
[Source "ChessBase"]
[SourceQuality "1"]
[WhiteTeam "Dresden"]
[BlackTeam "Kiel"]

{[%evp 12,63,27,16,12,0,18,26,46,25,47,20,95,100,110,50,76,37,53,25,22,35,28,1,0,0,0,0,0,7,8,2,16,0,22,22,23,23,23,23,23,22,23,21,17,15,18,15,18,18,16,6,12,8]} 1. e4 c5 2. Nf3 d6 3. d4 cxd4 4. Nxd4 Nf6 5. Nc3 a6 6. Bg5 e6 7. Qf3 Be7 {B95: Sicilian Najdorf: 6 Bg5 e6, unusual White 7th moves} (7... h6 8. Bd2 Qb6 9. Nb3 Nbd7 10. Be2 Qc7 11. a4 b6 12. Qg3 Bb7 13. Bd3 Nh5 14. Qh3 Nhf6 15. O-O {1-0 (32) Nepomniachtchi,I (2757)-Grischuk,A (2766) chess.com INT 2018}) 8. Be2 Bd7 9. O-O-O {e5! is the strong threat.} Nc6 {White has an edge.} 10. Qg3 Qa5 11. h4 O-O-O $146 (11... Nxd4 $11 {remains equal.} 12. Rxd4 Qe5) ({Predecessor:} 11... Nxd4 12. Rxd4 Qe5 13. Qd3 h6 14. Bd2 Qc5 15. f4 b5 16. a3 e5 17. fxe5 dxe5 {1-0 (29) Straka,J (2001)-Oleksak,A (2000) ICCF email 2009}) 12. Nb3 Qc7 13. Bf4 ({Better is} 13. f3 $16) 13... Ne5 14. Rd4 Bc6 15. Rhd1 Ng6 {[#] aiming for ...e5.} 16. Be3 h5 17. Bg5 (17. a3 {looks sharper.} d5 18. Qxc7+ Kxc7 19. exd5 Nxd5 20. Nxd5+ Rxd5 21. g3) 17... d5 18. Qxc7+ Kxc7 19. exd5 Nxd5 20. Nxd5+ Bxd5 21. Bxe7 Nxe7 22. g3 g6 23. c4 Bc6 24. Rxd8 Rxd8 25. Rxd8 Kxd8 $11 {[%mdl 4096] Endgame KBN-KBN} 26. Kd2 Kc7 27. Nc5 a5 {The position is equal.} 28. a3 e5 29. b4 axb4 30. axb4 b6 31. Nd3 Kd6 32. Bd1 {Accuracy: White = 62%, Black = 53%.} 1/2-1/2

[Event "BL 2018-19"]
[Site "Berlin"]
[Date "2019.04.07"]
[Round "15.11"]
[White "Khenkin, Igor"]
[Black "Neef, Maximilian"]
[Result "1/2-1/2"]
[WhiteElo "2546"]
[BlackElo "2479"]
[Annotator "TA"]
[PlyCount "41"]
[EventDate "2018.11.10"]
[EventType "team-tourn"]
[EventCountry "GER"]
[SourceTitle "playchess.com"]
[Source "ChessBase"]
[SourceQuality "1"]
[WhiteTeam "Kiel"]
[BlackTeam "Dresden"]

{[%evp 18,41,22,8,21,4,10,10,7,4,15,10,29,23,23,12,38,13,38,2,2,2,3,2,3,-1]} 1. d4 Nf6 2. c4 g6 3. Nc3 Bg7 4. e4 d6 5. Nf3 O-O 6. Be2 e5 7. O-O Nc6 8. dxe5 Nxe5 9. Nxe5 dxe5 10. Be3 c6 {E97: King's Indian: Classical Main Line (6...e5 7 0-0 Nc6): 8 Be3 and 8 d5 Ne7, not 9 Ne1} 11. b4 (11. Qa4 Bg4 12. Rfd1 Qc7 13. Bxg4 Nxg4 14. Bc5 Rfe8 15. h3 Nf6 16. Rd3 Nd7 17. Be3 Bf8 18. Qc2 {½-½ (46) Svane,R (2543)-Sasikiran,K (2639) Berlin 2015}) 11... Be6 12. Qc2 Qc7 13. Rfd1 Rfe8 $146 ({Predecessor:} 13... Nh5 14. Bxh5 gxh5 15. Qe2 f6 16. c5 Qf7 17. Rd6 Rfe8 18. a4 {1-0 (56) Matsenko,A (2317)-Matinian,N (2495) St Petersburg 2016}) 14. h3 Nd7 15. c5 Bf8 16. Na4 Red8 17. Bg5 Rdc8 18. Bc4 Bxc4 {The position is equal.} 19. Qxc4 b5 20. cxb6 $1 Nxb6 21. Qb3 {Accuracy: White = 40%, Black = 56%.} 1/2-1/2

[Event "BL 2018-19"]
[Site "Berlin"]
[Date "2019.04.07"]
[Round "15.11"]
[White "Stark, Lars"]
[Black "Wojtaszek, Radoslaw"]
[Result "0-1"]
[WhiteElo "2359"]
[BlackElo "2749"]
[Annotator "TA"]
[PlyCount "154"]
[EventDate "2018.11.10"]
[EventType "team-tourn"]
[EventCountry "GER"]
[SourceTitle "playchess.com"]
[Source "ChessBase"]
[SourceQuality "1"]
[WhiteTeam "Duesseldorf"]
[BlackTeam "Baden-Baden"]

{[%evp 12,154,8,6,13,-18,-15,-24,-11,-31,-27,-65,-39,-55,-52,-68,-52,-75,-77,-89,-83,-79,-51,-52,-45,-63,-74,-60,-60,-72,-46,-42,-25,-29,-18,-20,-15,-9,-8,-17,-20,-29,0,-12,0,-14,-14,-31,-33,-43,-37,-35,-35,-55,-8,-25,-26,-54,-27,-31,-15,-33,0,-97,-88,-85,-68,-73,-68,-68,-73,-126,-126,-127,-125,-135,-130,-176,-176,-195,-195,-196,-195,-193,-193,-193,-193,-192,-175,-179,-152,-149,-156,-176,-164,-156,-168,-177,-183,-181,-192,-179,-143,-219,-193,-243,-241,-241,-240,-351,-345,-320,-302,-302,-279,-279,-279,-364,-367,-422,-318,-318,-304,-378,-372,-357,-356,-29958,-29959,-29960,-29948,-8218,-5081,-29970,-29969,-29973,-29973,-29979,-29976,-29976,-29977,-29981,-29982,-29982,-29981]} 1. Nf3 d5 2. g3 g6 3. Bg2 Bg7 4. d4 Nf6 5. O-O O-O 6. c3 b6 7. Nbd2 Bb7 {D02: 1 d4 d5 2 Nf3 sidelines, including 2...Nf6 3 g3 and 2...Nf6 3 Bf4} 8. Ne5 c5 9. a4 a5 {Black has an edge.} (9... Nc6 10. Ndf3 Na5 11. b4 cxb4 12. cxb4 Nc4 13. Qb3 Rc8 14. Bh3 e6 {0-1 (55) Dgebuadze,A (2505)-Zeng,C (2539) Bruges 2018}) 10. Ndf3 Ne4 $146 ({Predecessor:} 10... Na6 11. Be3 Rc8 12. Qb3 Ne4 13. Nd2 Nxd2 14. Bxd2 Qd6 {1-0 (30) Petrovic,M (2055)-Kamberovic,S (2179) Sarajevo 2016}) 11. Nd2 Nd6 12. Ndf3 e6 13. Bf4 Na6 14. Qb3 f6 15. Ng4 Nf7 16. h4 Rc8 17. Rfd1 Re8 18. Bh3 cxd4 19. cxd4 Nb4 20. Bd2 Ba6 21. Bxb4 {Threatens to win with Ba3.} axb4 22. Bf1 Qd6 23. Rdc1 Rxc1 (23... Bc4 {looks sharper.} 24. Qd1 Ra8 25. Ne3 Ba6 26. Ng2 e5) 24. Rxc1 Rc8 25. Rxc8+ Bxc8 26. Ne3 Nd8 27. Nc2 Nc6 28. Qd3 Bf8 29. Bh3 Na5 30. Nd2 Qc6 31. b3 $1 Kf7 32. h5 Bb7 33. hxg6+ hxg6 34. Ne3 Be7 35. Nf3 Qc3 {And now ...Qxd3 would win.} 36. Qb5 Nxb3 37. Qd7 {[#]} (37. Ng4 $1 $11 {remains equal.}) 37... Qc6 $1 $17 {[%cal Rc6d7]} 38. Bxe6+ {[%mdl 64] Double Attack} Kf8 39. Qxc6 Bxc6 40. Nxd5 Nc1 41. Kf1 ({White should play} 41. e3) 41... b3 {[%cal Bb4b3,Bb3b2][%mdl 32]} 42. Nd2 ({Not} 42. Nxb6 $2 Bxf3 43. Bxb3 Bxe2+ 44. Kg1 Nxb3 $19) 42... b2 43. Nxb6 Bb4 44. Nbc4 {[#]} Nb3 $1 {[%cal Rb3d2][%mdl 512]} 45. Nb1 (45. Nxb3 b1=Q+) 45... Nxd4 46. Bc8 Be4 ({Worse is} 46... Bxa4 47. Nxb2 Bc2 48. Nd3 $11) 47. Nxb2 {With the idea Nd3.} Bxb1 48. Ba6 Bf5 49. Nd3 Bh3+ 50. Kg1 Bd6 51. Nf4 Bf5 52. Bc4 g5 53. Nd5 Be6 54. Kf1 Nc6 55. Ke1 Nb4 56. Ne3 Ke7 57. Bb5 (57. Bxe6 $17 {might work better.} Kxe6 58. Kd2) 57... Bc5 58. Nd1 Nc2+ 59. Kf1 Bb3 60. Nc3 (60. Nb2 $142) 60... Bb4 $19 61. Ne4 Nd4 62. Bd3 Bxa4 {Hoping for ...g4.} 63. f4 Ne6 64. fxg5 fxg5 65. Kg2 Bd7 66. Kf3 Kf7 67. Kg4 Be7 68. Kf3 Nc5 69. Nxc5 $2 (69. Bc4+ $19 Kg6 70. Nxc5 g4+ 71. Kf2 Bxc5+ 72. e3) 69... Bxc5 70. Be4 Kf6 71. Bb7 Ke5 72. Kg2 Bf5 {Black mates.} 73. Ba6 Bg4 74. Bb5 Kd4 75. Kf2 Ke4+ 76. Kg2 Ke3 77. Kf1 Bd6 {Accuracy: White = 48%, Black = 69%.} 0-1

[Event "BL 2018-19"]
[Site "Berlin"]
[Date "2019.04.07"]
[Round "15.12"]
[White "Rapport, Richard"]
[Black "Coenen, Michael"]
[Result "1-0"]
[WhiteElo "2726"]
[BlackElo "2364"]
[Annotator "TA"]
[PlyCount "57"]
[EventDate "2018.11.10"]
[EventType "team-tourn"]
[EventCountry "GER"]
[SourceTitle "playchess.com"]
[Source "ChessBase"]
[SourceQuality "1"]
[WhiteTeam "Baden-Baden"]
[BlackTeam "Duesseldorf"]

{[%evp 11,57,-17,14,5,9,18,21,16,15,0,19,18,50,39,68,67,79,52,91,92,107,108,136,143,137,105,105,108,118,127,181,135,144,106,113,114,400,413,396,403,401,390,652,666,989,987,972,970]} 1. Nf3 Nf6 2. g3 e6 3. Bg2 d5 4. O-O Be7 5. d3 O-O 6. Nbd2 Nc6 7. d4 {A07: Réti Opening: New York and Capablanca Systems} Ne4 8. c3 f5 9. Ne1 {The position is equal.} e5 10. Ndf3 $146 ({Predecessor:} 10. dxe5 Nxe5 11. Nd3 Ng6 12. c4 Be6 13. cxd5 Nxd2 14. dxe6 Nxf1 15. Kxf1 {½-½ (49) Kramnik,V (2801)-Aronian,L (2792) Zuerich 2016}) 10... Bf6 11. e3 Kh8 12. Nd3 {[%cal Rd4e5]} exd4 13. exd4 Be6 14. h4 Ne7 15. Re1 Bg8 16. Nfe5 Nc8 17. Bf4 Nb6 18. Qc2 Nd7 19. Rad1 Re8 20. Bh3 Be6 (20... g6 $16 21. Qb3 Nb6) 21. f3 {Hoping for Nxd7.} Nd6 22. Nc5 Nf8 23. Re2 $36 {[%mdl 2048] Keeping Black busy.} Bxh4 $2 {[%mdl 8192] [#]} (23... Bc8 $16 24. Rde1 Kg8) 24. gxh4 $18 Qxh4 25. Qd2 (25. Nxe6 Rxe6 26. Bxf5 Qxf4 $18) 25... Nc4 26. Nxc4 Ng6 $2 (26... dxc4 27. Rh2 (27. Bxc7 Qxh3 28. Rde1 Bf7 $11) 27... Qh5 28. Bxc7 b6 29. Nxe6 Nxe6) 27. Bxc7 {White is clearly winning.} ({Less strong is} 27. Rxe6 Nxf4 28. Rxe8+ (28. Bxf5 $2 Qg3+ {[%mdl 64] Double Attack} 29. Kh1 Qxf3+ 30. Kh2 dxc4 $19) 28... Rxe8 $18) 27... dxc4 28. Nxe6 Qxh3 29. Rh2 {Accuracy: White = 69%, Black = 35%.} 1-0

[Event "BL 2018-19"]
[Site "Berlin"]
[Date "2019.04.07"]
[Round "15.12"]
[White "Boensch, Uwe"]
[Black "Jakubiec, Artur"]
[Result "1/2-1/2"]
[WhiteElo "2553"]
[BlackElo "2508"]
[Annotator "TA"]
[PlyCount "27"]
[EventDate "2018.11.10"]
[EventType "team-tourn"]
[EventCountry "GER"]
[SourceTitle "playchess.com"]
[Source "ChessBase"]
[SourceQuality "1"]
[WhiteTeam "Dresden"]
[BlackTeam "Kiel"]

{[%evp 23,27,0,8,-10,70,7]} 1. d4 f5 2. Nf3 Nf6 3. g3 g6 4. Bg2 Bg7 5. O-O O-O 6. c4 d6 7. Nc3 e6 8. Qc2 Nc6 9. d5 Nb4 10. Qb3 Na6 11. Qc2 Nb4 $146 ({Predecessor:} 11... e5 12. Rd1 Qe7 13. a3 Nc5 14. b4 Nce4 15. Nxe4 Nxe4 16. Nd2 Nf6 17. Bb2 f4 18. Ne4 Bf5 {0-1 (33) Harestad,H (2235)-Swiercz,D (2492) Wroclaw 2009}) 12. Qb3 Na6 $1 13. Qc2 {A87: Dutch Defence: Leningrad System: 5 Nf3} Nb8 (13... e5 $11) 14. Qd1 (14. dxe6 $14 Nc6 15. Qb3) 1/2-1/2